Saunterer's rewards / (Record no. 92082)
[ view plain ]
| 000 -LEADER | |
|---|---|
| fixed length control field | 00842cam a2200217 a 4500 |
| 001 - CONTROL NUMBER | |
| control field | w 34000002 |
| 003 - CONTROL NUMBER IDENTIFIER | |
| control field | DLC |
| 005 - DATE AND TIME OF LATEST TRANSACTION | |
| control field | 20260227112808.0 |
| 008 - FIXED-LENGTH DATA ELEMENTS--GENERAL INFORMATION | |
| fixed length control field | 120510s1934 pauaf 000 0 eng c |
| 010 ## - LIBRARY OF CONGRESS CONTROL NUMBER | |
| LC control number | w 34000002 |
| 040 ## - CATALOGING SOURCE | |
| Original cataloging agency | D.C. Public Libr. |
| Transcribing agency | DLC |
| Modifying agency | DLC |
| 050 00 - LIBRARY OF CONGRESS CALL NUMBER | |
| Classification number | PR6023.U24 |
| Item number | S35 1934 |
| 100 1# - MAIN ENTRY--PERSONAL NAME | |
| Personal name | Lucas, E. V. |
| Fuller form of name | (Edward Verrall), |
| Dates associated with a name | 1868-1938 |
| 245 10 - TITLE STATEMENT | |
| Title | Saunterer's rewards / |
| Statement of responsibility, etc. | by E.V. Lucas. |
| 260 ## - PUBLICATION, DISTRIBUTION, ETC. | |
| Place of publication, distribution, etc. | Philadelphia : |
| Name of publisher, distributor, etc. | J.B. Lippincott, |
| Date of publication, distribution, etc. | 1934. |
| 300 ## - PHYSICAL DESCRIPTION | |
| Extent | viii, 211 p., [1] leaf of plates : |
| Other physical details | 1 ill. ; |
| Dimensions | 17 cm. |
| 500 ## - GENERAL NOTE | |
| General note | "The essays and stories in this volume are reprinted, with additions, from Punch and the Sunday Times"--P. 211. |
| 500 ## - GENERAL NOTE | |
| General note | LC copy in dust jacket. |
| Institution to which field applies | DLC |
| 561 ## - OWNERSHIP AND CUSTODIAL HISTORY | |
| Institution to which field applies | DLC |
| 710 2# - ADDED ENTRY--CORPORATE NAME | |
| Corporate name or jurisdiction name as entry element | Oliver Wendell Holmes Collection (Library of Congress) |
| Institution to which field applies | DLC |
No items available.